00618nmm a2200169Ia 4500008004100000020001800041041000800059100003300067245016100100264005400261300001800315490001600333650002300349856005200372942000700424999001700431251105s9999||||xx |||||||||||||||||und|| a9789978325346 aspa aHuiracocha Tutivén, Karina 0aManual Operativo para la inclusión de niños y niñas de 3 a 5 años :b Con necesidades educativas especiales derivadas de la discapacidad intelectual a[Quito, Ecuador] :bUniversidad del Azuay, c2014 a189 páginas aEducación aAges 3-5 Years Old uhttps://public.digitaliapublishing.com/a/133386 cCF c97939d97939